Cuestiones modernas de arbitraje : Un análisis Doméstico e Internacional /

Guardado en:
Autor Principal: Gedwillo, Irina Natacha
Formato: Libro
Idioma:Spanish
Publicado: Buenos Aires : Legis, 2011
Edición:1a. ed.
Materias:
Etiquetas: Agregar Etiqueta
Sin Etiquetas, Sea el primero en etiquetar este registro!
LEADER 00571nam a22001695a 4500
001 DER.der011282
008 180615s2011####ag#||||||||||||||#||spa||
005 20251209184221.0
245 1 0 |a Cuestiones modernas de arbitraje :  |b Un análisis Doméstico e Internacional /  |c Irina Natacha Gedwillo. 
250 |a 1a. ed. 
260 |a Buenos Aires :  |b Legis,  |c 2011 
300 |a 296 p. 
020 |a 9789871221745 
100 1 |a Gedwillo, Irina Natacha 
650 7 |a ARBITRAJE COMERCIAL INTERNACIONAL 
650 7 |a DERECHO INTERNACIONAL PRIVADO 
859 |a DERECHO  |b BIB. DERECHO  |h 341.522  |i GED  |p 006661